LDR 01201naa#a2200217#i#450# 001 RU\INFRA-M\bibl\98513 005 20260416042326.4 011 ## _a2712-9640 100 ## _a20260325b2026####ek#y0rusy0150####ca 101 0# _aRUS 102 ## _aRU 200 1# _aАнализ событий одновременной наземной регистрации всплесков авроральных шипений и возрастания риометрического поглощения _eЖурнальная статья 210 1# _aМосква _cОбщество с ограниченной ответственностью «Научно-издательский центр ИНФРА-М» _d2026 215 ## _a9 с. 608 ## _aЖурнальная статья _2local 675 ## _aНаблюдение и регистрация явлений. Наглядная демонстрация явлений. 53.05 _zRUS 700 #1 _aНикитенко _gАлександр Сергеевич 700 #1 _aЛебедь _gОльга Михайловна 700 #1 _aЛарченко _gАлексей Викторович 700 #1 _aФедоренко _gЮрий Валентинович 856 4# _anaukaru.ru _u